| 000 | 02358nam0a22004451 4500 | ||
|---|---|---|---|
| 001 | RU\NLR\A1SV\139829 | ||
| 005 | 20251203171251.9 | ||
| 035 | _a(NLR Aleph) 010767994 | ||
| 090 |
_a10008981 _c10008981 |
||
| 100 | _a20150520d1925 u y0rusy50 ca | ||
| 101 | 0 | _arus | |
| 102 | _aRU | ||
| 200 | 1 |
_aЭкскурсии в современность _fПод ред. Н.А.Кузнецова и К.В.Ползиковой-Рубец |
|
| 210 |
_aЛ. _cИзд-во кн. сектора ЛГОНО _d1925 |
||
| 215 |
_a154, [1] с. _d22 см |
||
| 225 |
_aЭкскурс. практика _fПод ред. Н.А.Кузнецова |
||
| 300 | _aСер. указана на обл. | ||
| 327 | 1 |
_aНаша улица / Н.П.Анциферов _aБольшая улица современного города / Н.Аникиева, К.Ф.Асаевич и О.Л.Тоддес _aЛенинград, как научный центр / В.Б.Ечеистова, В.Г.Конради, Е.А.Магнус и М.А.Шмарова _aОтражение эпохи промышленного капитализма на облике города / К.В.Ползикова-Рубец _aРабочий поселок / К.В.Ползикова-Рубец и А.Ю.Якубовский _aГородской дом / Т.Б.Лозинская _aОбщественная столовая / С.М.Левидова _aПрядильная и трикотажная фабрика / З.А.Эдельштейн |
|
| 702 | 1 |
_aКузнецов _bН.А. _gНиколай Александрович |
|
| 702 | 1 |
_aПолзикова-Рубец _bК.В. _f1889-1949 _gКсения Владимировна |
|
| 702 | 1 |
_aАнцифиров _bН.П. |
|
| 702 | 1 |
_aАникиева _bН. |
|
| 702 | 1 |
_aАсаевич _bК.Ф. |
|
| 702 | 1 |
_aТоддес _bО.Л. |
|
| 702 | 1 |
_aЕчеистова _bВ.Б. |
|
| 702 | 1 |
_aКонради _bВ.Г. _f1877-1942 _gВера Германовна |
|
| 702 | 1 |
_aМагнус _bЕ.А. |
|
| 702 | 1 |
_aШмарова _bМ.А. |
|
| 702 | 1 |
_aЯкубовский _bА.Ю. |
|
| 702 | 1 |
_aЛевидова _bС.М. |
|
| 702 | 1 |
_aЭдельштейн _bЗ.А. |
|
| 801 | 0 |
_aRU _bNLR _c20150520 |
|
| 852 |
_aNLR _j1/373 |
||
| 852 |
_aNLR _j1/373а |
||
| 899 | _aРГБ | ||
| 899 | _aКирОУНБ | ||
| 942 | _cBOOK | ||
| 980 | _aNB | ||
| 980 | _aA1SV | ||